Lavender Haze - Taylor Swift Lyric Quiz - Statistics

General Stats
  • This quiz has been taken 211 times
  • The average score is 215 of 284
Answer Stats
Hint Answer % Correct
a
97%
my
95%
me
94%
at
93%
the
92%
i
90%
haze
89%
lavender
89%
you
89%
midnight
86%
do
85%
in
85%
starts with m meet
85%
oh
85%
to
83%
don't
82%
with
82%
staring
81%
just
80%
say
80%
stay
80%
ceiling
79%
too
79%
wanna
79%
it
78%
feel
77%
much
77%
of
76%
on
76%
shit
76%
that
76%
is
75%
they
75%
and
74%
if
74%
this
74%
be
72%
creeping
72%
go
72%
up
72%
what
72%
yeah
72%
your
72%
all
71%
damn
71%
people
71%
see
71%
want
71%
im
70%
i'm
70%
no
70%
get
69%
give
69%
ever
68%
into
68%
off
68%
one
68%
chest
67%
from
67%
night
67%
new
66%
or
66%
desk
64%
damned
63%
even
63%
girl
63%
only
63%
really
63%
wife
63%
deal
62%
kind
62%
bride
61%
but
61%
history
61%
1950s
60%
asking
60%
gonna
60%
keep
60%
need
59%
talk
59%
been
58%
bringing
58%
viral
58%
listening
57%
spiral
57%
surreal
57%
i've
56%
under
56%
beautifully
55%
handle
55%
love
55%
melancholia
55%
read
55%
find
51%
they're
51%
dizzying
50%
scrutiny
50%
weren't
36%
No matching quizzes found
Score Distribution
Percent of People with Each Score
Percentile by Number Answered
Your Score History
You have not taken this quiz